Justicias indígenas y Estado: violencias contemporáneas/
Gardado en:
| Autor Principal: | |
|---|---|
| Outros autores: | , |
| Formato: | Libro |
| Idioma: | Spanish |
| Publicado: |
México:
FLACSO ; CIESAS,
2013
|
| Etiquetas: |
Engadir etiqueta
Sen Etiquetas, Sexa o primeiro en etiquetar este rexistro!
|
MARC
| LEADER | 00000nam a22000007a 4500 | ||
|---|---|---|---|
| 003 | cru CIDCACS/IIS | ||
| 005 | 20180119155815.0 | ||
| 007 | ta | ||
| 008 | 180119t2013 mx ||||| |||||||| ||spa|| | ||
| 999 | |c 40848 |d 40848 | ||
| 020 | |a 9786079275105 | ||
| 040 | |c cru CIDCACS/IIS | ||
| 090 | |a 04.02.01 S572j | ||
| 100 | 1 | |9 6442 |a Sierra, María Teresa |e editora | |
| 245 | 1 | |a Justicias indígenas y Estado: |b violencias contemporáneas/ |c María Teresa Sierra, Rosalva Aída Hernández, Rachel Sieder, editoras | |
| 260 | |a México: |b FLACSO ; CIESAS, |c 2013 | ||
| 300 | |a 426 páginas: |b mapas | ||
| 700 | 1 | |9 6445 |a Hernández, Rosalva Aída |e editora | |
| 700 | 1 | |9 6448 |a Sieder, Rachel |e editora | |
| 942 | |2 ddc |c LI | ||



